El poder y el premio / (Record no. 149066)

MARC details
000 -LEADER
campo de control de longitud fija 00593nam a2200205 4500
001 - NÚMERO DE CONTROL
campo de control 149066
003 - IDENTIFICADOR DE NÚMERO DE CONTROL
campo de control ES-MaACL
005 - FECHA Y HORA DE LA ÚLTIMA TRANSACCIÓN
campo de control 20260305170506.0
007 - CAMPO FIJO DE DESCRIPCIÓN FÍSICA--INFORMACIÓN GENERAL
campo de control de longitud fija t|
008 - DATOS DE LONGITUD FIJA--INFORMACIÓN GENERAL
campo de control de longitud fija 070214n19001990sp r ||||1| spa d
100 1# - ENTRADA PRINCIPAL--NOMBRE DE PERSONA
Nombre de persona Swiggett, Howard.
9 (RLIN) 108945
245 13 - MENCIÓN DEL TÍTULO
Título El poder y el premio /
Mención de responsabilidad, etc. Howard Swiggett ; traducción de P. Albigés.
260 ## - PUBLICACIÓN, DISTRIBUCIÓN, ETC.
Lugar de publicación, distribución, etc. Barcelona :
Nombre del editor, distribuidor, etc. Jano,
Fecha de publicación, distribución, etc. [19__?]
300 ## - DESCRIPCIÓN FÍSICA
Extensión 295 p. ;
Dimensiones 19 cm.
490 1# - MENCIÓN DE SERIE
Mención de serie Col. aliciente
700 1# - ENTRADA AGREGADA--NOMBRE PERSONAL
Nombre de persona Albigés, P.
9 (RLIN) 19379
830 0# - PUNTO DE ACCESO ADICIONAL DE SERIE-TÍTULO UNIFORME
Título uniforme Colección Aliciente
9 (RLIN) 183482
852 ## - LOCALIZACIÓN
Ubicación ES-MaACL
Número de control de estantería C-16324
Sublocalización o colección R.38554
Holdings
Estatus retirado Estado de pérdida Estado de daño No para préstamo Biblioteca de origen Biblioteca actual Ubicación en estantería Fecha de adquisición Fuente de adquisición Total de préstamos Signatura topográfica completa Código de barras Visto por última vez Precio de reemplazo Tipo de ítem Koha
        Biblioteca del Ateneo de Madrid Biblioteca del Ateneo de Madrid Galería 17/01/2008     C-16324 1155555 23/02/2023 23/02/2023 Libro impreso